000 01234nam a2200301 c 4500
003 BLK
005 20220714084619.0
008 180409b bul|||||r ||||||| ||bul||
010 _aKNG00137151000
040 _aBLK
041 _aBUL
_cBUL
080 _aЦивилизация. Култура. Прогрес. История на културата вж 930.85
_b008
_x:159.9
_z008:159.9
100 1 _aЧакъров, Тодор Христов
_9322679
139 _aЧакъров, Тодор Хр.
_bЧ 19
245 1 0 _aПсихологически аспекти на културата
_bИзследване
_cТодор Хр. Чакъров.
257 _aBGR
260 София
_bНаука и изкуство
_c1985
_fПлевен : Ал. Пъшев
300 _a212 с.
_c22 см
380 _a0
500 _a835 тир. - Библиогр. с. 208-210.
650 4 _aКултура - психологически аспекти
_9322680
653 _aкултура
852 _aЦб 135636
856 4 _qpdf
_u
856 4 _qpdf
_u
942 _cKNG
_n0
944 _aCR
_c11.12.2012
_l11.12.2012 - от С1,Р / 11.12.2012
_kСевдалина_Василева
944 _aED
_c11.12.2012
_l11.12.2012 - от С1,Р / 11.12.2012
_k
999 _c131339
_d131339